வௌ்ளி/

Saved in:
Bibliographic Details
Main Author: ஜேகே
Format: Book
Language:English
Tamil
Published: இலங்கை: வென்பா பதிப்பகம்; 2023,
Subjects:
Tags: Add Tag
No Tags, Be the first to tag this record!

MARC

LEADER 00000nam a22000007a 4500
003 LK-TrUPL
005 20260417125805.0
008 260417b |||||||| |||| 00| 0 eng d
040 |a LK-TrUPL  |b tam  |d LK-TrUPL 
041 |a tam 
082 |2 23  |a 894.811  |b ஜேகே 
100 |a ஜேகே  
245 |a வௌ்ளி/  |c ஜேகே  
260 |a இலங்கை:  |b வென்பா பதிப்பகம்;  |c 2023, 
300 |a ப,143:  |c ச,மீ23, 
650 0 |a கதை 
942 |c LBK 
999 |c 13352  |d 13352